| 000 | 00389nam a22001697a 4500 | ||
|---|---|---|---|
| 005 | 20160625121306.0 | ||
| 008 | 160625b xxu||||| |||| 00| 0 eng d | ||
| 020 | _a81-86314-42-3 | ||
| 041 | _aeng | ||
| 082 | _b10067 | ||
| 100 |
_aOK A Dr. Milind M _92769 |
||
| 245 | _aBusiness Applications of Computers | ||
| 260 | _bEPH | ||
| 300 | _a298 | ||
| 650 |
_aManagement _9241 |
||
| 942 | _cBK | ||
| 999 |
_c4004 _d4003 |
||